Membres du conseil constitutionnel français - Statistiques

Statistiques générales
  • Ce quiz a été pris 64 fois
    36 depuis la dernière actualisation
  • Le résultat moyen est 4 sur 9
Statistiques - réponses
Par images Réponse % Correct
Alain Juppé
100%
Richard Ferrand
100%
Jacqueline Gourault
75%
François Pillet
25%
François Seners
25%
Jacques Mézard
25%
Véronique Malbec
25%
Corinne Luquiens
0%
Michel Pinault
0%
Aucun quiz correspondant
Distribution des résultats
% des personnes avec chaque résultat
Percentile par nombre de réponses
Votre historique - résultats
Vous n’avez pas pris ce quiz depuis la dernière actualisation